000 00301nam a2200109Ia 4500
008 180116s9999 xx 000 0 und d
020 _a9781305574779
245 _cDakota Mitchell, Lee Haroun
_aIntroduction to Health Care
250 _a4th ed
260 _bCengage Learning
_c2012
300 _a618 pages
999 _c353270
_d353270